000 00813nam a22003017a 4500
001 0052446
003 KOHA_MİRAKIL
005 20260207003843.0
007 ta
008 150629b2014 tu |||gr||||#||||0|tur |
020 _a9786050203295
040 _aTR-BiSEU
_btur
_cTR-BiSEU
_erda
041 0 _atur
044 _ctu
050 _aRC514
_b.M48 2014
100 1 _aMete, Levent.
245 1 _aŞizofreni :
_ben uzak ülke/
_cLevent Mete ; Levent Mete.
264 1 _aİstanbul :
_bSay
_c2014
300 _a160 sayfa; 23 cm.
336 _ametin
_btxt
_2rdacontent
337 _aaracısız
_bn
_2rdamedia
338 _acilt
_bnc
_2rdacarrier
490 0 _aPsikoloji Dizisi.
500 _aKaynakça var.
650 0 _aSchizophrenia.
_927631
830 0 _aPsikoloji Dizisi.
_923157
942 _2lcc
_cBK
999 _c52263
_d52263